HBF regional survey of house builders (Record no. 78354)
[ view plain ]
| 000 -LEADER | |
|---|---|
| fixed length control field | 00977cab a2200205 4500 |
| 001 - CONTROL NUMBER | |
| control field | L136584 |
| 008 - FIXED-LENGTH DATA ELEMENTS--GENERAL INFORMATION | |
| fixed length control field | 070209n2007 000 0 eng u |
| 035 ## - SYSTEM CONTROL NUMBER | |
| System control number | (Sirsi) u136584 |
| 041 0# - LANGUAGE CODE | |
| Language code of text/sound track or separate title | eng |
| 110 2# - MAIN ENTRY--CORPORATE NAME | |
| Corporate name or jurisdiction name as entry element | Home Builders Federation |
| 9 (RLIN) | 4896 |
| 245 00 - TITLE STATEMENT | |
| Title | HBF regional survey of house builders |
| Remainder of title | December 2006 |
| 260 ## - PUBLICATION, DISTRIBUTION, ETC. | |
| Date of publication, distribution, etc. | 2007 |
| 490 00 - SERIES STATEMENT | |
| Series statement | Housing Market Report |
| Volume/sequential designation | (176) January 2007, 6-11(6) |
| 520 ## - SUMMARY, ETC. | |
| Summary, etc. | Finds that visitor numbers were slightly higher in December than a year ago, while net reservations continued to rise quite strongly. Housebuilders continued to lift new home prices, although they are also steadily increasing their use of sales incentives. The industry is very optimistic that it will increase sales in 2007 and that house prices will continue to rise. |
| 590 ## - LOCAL NOTE (RLIN) | |
| Local note | KA |
| 650 24 - SUBJECT ADDED ENTRY--TOPICAL TERM | |
| Topical term or geographic name entry element | HBF REGIONAL SURVEY OF HOUSE BUILDERS |
| 651 #4 - SUBJECT ADDED ENTRY--GEOGRAPHIC NAME | |
| Geographic name | England and Wales |
| Chronological subdivision | 1543- |
| 690 ## - LOCAL SUBJECT ADDED ENTRY--TOPICAL TERM (OCLC, RLIN) | |
| Topical term or geographic name as entry element | PROPERTY-RESIDENTIAL PROPERTY-RESIDENTIAL PROPERTY MARKET |
| 942 ## - ADDED ENTRY ELEMENTS (KOHA) | |
| Suppress in OPAC | 0 |
| Withdrawn status | Lost status | Source of classification or shelving scheme | Damaged status | Not for loan | Home library | Current library | Shelving location | Date acquired | Total Checkouts | Full call number | Barcode | Date last seen | Copy number | Price effective from | Koha item type |
|---|---|---|---|---|---|---|---|---|---|---|---|---|---|---|---|
| Dewey Decimal Classification | London | London | Journal article | 09/02/2007 | L136584 | 136584-2001 | 06/08/2019 | 1 | 06/08/2019 | Journal article |